000
00294nam a22001217a 4500
008
260317b ||||| |||| 00| 0 eng d
041
_a
eng
080
_a
2.1
100
_a
35
101
_a
teologji
245
_a
The Shkup - Prizeren Diocese Through Centuries
_c
Gjini Gasper
942
_2
udc
_c
BK
999
_c
60907
_d
60907